A Colber és az SAP könyvelő programok összehasonlító elemzése

Bibliográfiai részletek
Szerző: Makai Anna Amélia
További közreműködők: Korom Dr. Erik
Tóthné Szabó Ildikó
Dokumentumtípus: Diplomadolgozat
Kulcsszavak:Könyvelő program
Digitalizáció
SAP
Online Access:http://dolgozattar.uni-bge.hu/18255

MARC

LEADER 00000nta a2200000 i 4500
001 dolg18255
005 20181126103717.0
008 181126suuuu hu om 000 hun d
040 |a BGE Dolgozattár Repozitórium  |b hun 
041 |a hu 
100 1 |a Makai Anna Amélia 
245 1 2 |a A Colber és az SAP könyvelő programok összehasonlító elemzése  |c Makai Anna Amélia  |h [elektronikus dokumentum] 
246 1 1 |a A Colber és az SAP könyvelő programok összehasonlító elemzése 
695 |a Könyvelő program 
695 |a Digitalizáció 
695 |a SAP 
700 1 |a Korom Dr. Erik  |e ths 
700 1 |a Tóthné Szabó Ildikó  |e ths 
856 4 0 |u http://dolgozattar.uni-bge.hu/18255/1/Szakdolgozat%20%C3%BAj%C3%ADtott.pdf  |z Dokumentum-elérés